000 01275nam0a2200313 4500
001 RU\NLR\bibl\178521
005 20260406142921.0
010 _a5-235-02389-7
_95000
021 _aRU
_b2000-49145
_92264
035 _a(NLR Aleph) 000175209
090 _a1010520
_c1010520
100 _a20010823d2000 |||y0rusy50 ca
101 1 _arus
_cfre
102 _aRU
105 _aa |||||||||
200 1 _aЛютер
_fИван Гобри
_g[Пер. с фр. Е.В. Головиной
_gВступ. ст. А.П. Левандовского]
210 _aМ.
_cМолодая гвардия
_cПалимпсест
_d2000
215 _a513, [1] с., [16] л. ил., портр., факс.
_d21
225 1 _aЖизнь замечательных людей
_eСер. биогр.
_fОсн. в 1933 г. М. Горьким
_vВып. 786
320 _aБиблиогр.: с. 511-512
600 1 _aЛютер
_bМ.
_f1483 - 1546
_gМартин
_91154020
_3RU\NLR\auth\66142813
686 _aЭ376.11-343-028.1
700 1 _aГобри
_bИ.
_gИван
_4070
702 1 _4570
_8rus
_7ca
_aЛютер
_bМ.
_f1483-1546
_gМартин
_3RU\NLR\auth\773602
_9113596
801 0 _aRU
_bNLR
_c20010823
_gPSBO
801 1 _aRU
_bNLR
_c20010823
942 _cBOOK
980 _aNB